Statistics for Sight to City: Asia #1 [pic]

Click here to take the quiz!

General Stats

  • This quiz has been taken 5 times
  • The average score is 8 of 16

Answer Stats

Answer% Correct
Ulaanbaatar
100%
Bandung
75%
Macau
75%
Nagoya
75%
Singapore
75%
Kuwait City
50%
Muscat
50%
Pyongyang
50%
Tokyo
50%
Bandar Seri Begawan
25%
Doha
25%
Isfahan
25%
Kathmandu
25%
Manila
25%
Osh
25%
Vientiane
25%

Score Distribution

Percentile by Number Answered

Percent of People with Each Score

Your Score History

You have not taken this quiz